[Event "Pattaya op"]
[Site "Pattaya"]
[Date "2019.10.28"]
[Round "7"]
[White "Langreck, John"]
[Black "Shrutarshi, Ray"]
[Result "1-0"]
[WhiteElo "2149"]
[BlackElo "2006"]
[PlyCount "45"]
[EventDate "2019.10.23"]
[EventType "swiss"]
[EventRounds "9"]
[EventCountry "THA"]
[SourceTitle "CBM 195 Extra"]
[Source "ChessBase"]
[SourceDate "2020.05.31"]
[SourceVersion "1"]
[SourceVersionDate "2020.05.31"]
[SourceQuality "1"]

1. e4 c5 2. Nf3 d6 3. d4 cxd4 4. Nxd4 Nf6 5. Nc3 g6 6. Be3 Bg7 7. f3 a6 8. Qd2 h5 9. Be2 Nbd7 10. 0-0 Ne5 11. Nd5 Nxd5 12. exd5 Bd7 13. f4 Ng4 14. Bxg4 hxg4 15. Rae1 Rh5 16. c4 Kf8 17. Ne2 f5 18. Bd4 Bh6 19. Ng3 Rh4 20. Qf2 Rh5 21. Nxh5 gxh5 22. g3 Be8 23. Re6 1-0

[Event "Pattaya op"]
[Site "Pattaya"]
[Date "2019.10.23"]
[Round "1"]
[White "Mak, Xiu Ning Charlene"]
[Black "Shrutarshi, Ray"]
[Result "0-1"]
[WhiteElo "1447"]
[BlackElo "2006"]
[PlyCount "110"]
[EventDate "2019.10.23"]
[EventType "swiss"]
[EventRounds "9"]
[EventCountry "THA"]
[SourceTitle "CBM 195 Extra"]
[Source "ChessBase"]
[SourceDate "2020.05.31"]
[SourceVersion "1"]
[SourceVersionDate "2020.05.31"]
[SourceQuality "1"]

1. e4 d5 2. exd5 Qxd5 3. Nf3 Nf6 4. d4 Bg4 5. Be2 e6 6. 0-0 Nc6 7. Be3 0-0-0 8. c4 Qd7 9. Nbd2 Bb4 10. Nb3 Be7 11. Ne5 Bxe2 12. Qxe2 Qe8 13. Rfd1 Kb8 14. f4 g5 15. Qf3 Nxe5 16. fxe5 Nd7 17. Nd2 f5 18. exf6 Nxf6 19. Ne4 Nxe4 20. Qxe4 Bf6 21. Rf1 Qe7 22. Rad1 Rd6 23. Qf3 Rf8 24. Bxg5 e5 25. Qe3 Bxg5 26. Rxf8+ Qxf8 27. Qxg5 exd4 28. Qe5 d3 29. Rd2 a6 30. h3 Qh6 31. Qe1 Qf4 32. b3 Qd4+ 33. Kh1 Rd8 34. Qe7 Rd7 35. Qg5 Ka7 36. Qf5 h6 37. Qf3 Rd6 38. Qd1 b6 39. Qb1 Qe3 40. Qd1 Rd4 41. Kh2 h5 42. Kh1 h4 43. Kh2 Qg3+ 44. Kh1 Re4 45. Rxd3 Re1+ 46. Qxe1 Qxe1+ 47. Kh2 Qe5+ 48. Kg1 Qa1+ 49. Kh2 Qxa2 50. Rf3 Kb7 51. Kg1 Qd2 52. g4 hxg3 53. Rxg3 Kc6 54. Rg6+ Kc5 55. Rg5+ Qxg5+ 0-1

[Event "Mumbai Wealth op 3rd"]
[Site "Mumbai"]
[Date "2018.01.04"]
[Round "6"]
[White "Srimathi, R."]
[Black "Shrutarshi, Ray"]
[Result "0-1"]
[WhiteElo "1622"]
[BlackElo "1951"]
[PlyCount "104"]
[EventDate "2017.12.30"]
[EventType "swiss"]
[EventRounds "9"]
[EventCountry "IND"]
[SourceTitle "CBM 182 Extra"]
[Source "ChessBase"]
[SourceDate "2018.02.23"]
[SourceVersion "1"]
[SourceVersionDate "2018.02.23"]
[SourceQuality "1"]

1. e4 d5 2. exd5 Qxd5 3. Nc3 Qa5 4. d4 Nf6 5. Nf3 Bg4 6. Be2 Nc6 7. 0-0 0-0-0 8. Be3 e5 9. Ng5 Be6 10. Bd2 Nxd4 11. Nxe6 Nxe6 12. Qe1 Qb4 13. b3 Qh4 14. Be3 Nd4 15. Nb5 a6 16. Nxd4 exd4 17. Bd2 Bd6 18. g3 Qh3 19. Bb4 Rhe8 20. Bxd6 Rxd6 21. f4 Rde6 22. Rf2 Ne4 23. Bc4 Nxf2 24. Bxe6+ Qxe6 25. Qxe6+ Rxe6 26. Kxf2 Rc6 27. Rc1 Rc3 28. Ke2 d3+ 29. Kd2 Rxc2+ 30. Rxc2 dxc2 31. Kxc2 Kd7 32. Kd3 Kd6 33. Kd4 c5+ 34. Kc4 b5+ 35. Kc3 Kd5 36. Kd3 f5 37. h3 h5 38. h4 c4+ 39. bxc4+ bxc4+ 40. Kc3 Kc5 41. a3 a5 42. a4 Kd5 43. Kc2 Kd4 44. Kd2 c3+ 45. Kc2 Kc4 46. Kc1 Kb3 47. Kb1 c2+ 48. Kc1 g6 49. Kd2 Kb2 50. Kd3 c1Q 51. Kd4 Qc3+ 52. Kd5 Qe3 0-1

[Event "BAN-chT2"]
[Site "Dhaka"]
[Date "2017.10.26"]
[Round "5.2"]
[White "Shrutarshi, Ray"]
[Black "Abdur, Rashid1111"]
[Result "0-1"]
[WhiteElo "1822"]
[BlackElo "1717"]
[PlyCount "32"]
[EventDate "2017.10.22"]
[EventType "team-swiss"]
[EventRounds "7"]
[EventCountry "BAN"]
[SourceTitle "CBM 181 Extra"]
[Source "ChessBase"]
[SourceDate "2017.12.12"]
[SourceVersion "1"]
[SourceVersionDate "2017.12.12"]
[SourceQuality "1"]
[WhiteTeam "Dhaka Knights"]
[BlackTeam "Sonargaon CC"]
[WhiteTeamCountry "BAN"]
[BlackTeamCountry "BAN"]

1. e4 e5 2. Nf3 Nc6 3. d4 exd4 4. Nxd4 Qf6 5. Nb3 Be7 6. Nc3 a6 7. Be2 d6 8. Be3 Be6 9. Nd5 Bxd5 10. exd5 Ne5 11. Qd2 Qg6 12. g3 Qe4 13. 0-0-0 Qa4 14. Kb1 h6 15. Bd3 Nxd3 16. Qxd3 g6 0-1

[Event "BAN-chT2"]
[Site "Dhaka"]
[Date "2017.10.25"]
[Round "4.2"]
[White "Mohammad Salman, Munshi"]
[Black "Shrutarshi, Ray"]
[Result "0-1"]
[WhiteElo "1663"]
[BlackElo "1822"]
[PlyCount "58"]
[EventDate "2017.10.22"]
[EventType "team-swiss"]
[EventRounds "7"]
[EventCountry "BAN"]
[SourceTitle "CBM 181 Extra"]
[Source "ChessBase"]
[SourceDate "2017.12.12"]
[SourceVersion "1"]
[SourceVersionDate "2017.12.12"]
[SourceQuality "1"]
[WhiteTeam "Legend Faraz Ayiaz"]
[BlackTeam "Dhaka Knights"]
[WhiteTeamCountry "BAN"]
[BlackTeamCountry "BAN"]

1. e4 d5 2. exd5 Qxd5 3. Nc3 Qa5 4. d4 Nf6 5. Bd3 Nc6 6. Be3 Bg4 7. f3 Bf5 8. a3 Bxd3 9. Qxd3 Nd5 10. Nge2 Ncb4 11. axb4 Qxa1+ 12. Kf2 Qxh1 13. Qb5+ Kd8 14. Qxb7 Nb6 15. d5 Qxh2 16. Bf4 Qh4+ 17. Bg3 Qf6 18. Bxc7+ Ke8 19. d6 Qf5 20. Nd4 Qc8 21. Qe4 e6 22. b3 Bxd6 23. Bxb6 axb6 24. Ndb5 Be7 25. Nc7+ Qxc7 26. Qxa8+ Bd8 27. Na4 Qxc2+ 28. Kg3 h5 29. Nxb6 Qc7+ 0-1

[Event "Mumbai Mayors Cup 10th"]
[Site "Mumbai"]
[Date "2017.06.06"]
[Round "4"]
[White "Shrutarshi, Ray"]
[Black "Tukhaev, Adam"]
[Result "0-1"]
[WhiteElo "1856"]
[BlackElo "2557"]
[PlyCount "100"]
[EventDate "2017.06.04"]
[EventType "swiss"]
[EventRounds "10"]
[EventCountry "IND"]
[SourceTitle "CBM 178 Extra"]
[Source "ChessBase"]
[SourceDate "2017.06.22"]
[SourceVersion "1"]
[SourceVersionDate "2017.06.22"]
[SourceQuality "1"]

1. e4 c5 2. Nf3 Nc6 3. d4 cxd4 4. Nxd4 Qb6 5. Nb3 Nf6 6. Nc3 e6 7. Be3 Qc7 8. a3 a6 9. f4 d6 10. Be2 b5 11. Bf3 Bb7 12. 0-0 Be7 13. Nd4 Na5 14. Qd3 Nc4 15. Bc1 Rc8 16. Nce2 Nb6 17. c3 Nbd7 18. Ng3 h5 19. Qe2 g6 20. f5 gxf5 21. Bxh5 Nxh5 22. Nxh5 Rg8 23. Ng3 Qc4 24. exf5 e5 25. Qxc4 bxc4 26. Nf3 Nc5 27. Be3 Ne4 28. Nh5 Kd7 29. Rad1 f6 30. h3 Bc6 31. Rde1 Rb8 32. Re2 Rh8 33. g4 Rxh5 34. gxh5 Ng3 35. Ref2 Nxf1 36. Kxf1 Rh8 37. h6 Bf8 38. Nd2 Bxh6 39. Bxh6 Rxh6 40. Ke1 d5 41. Rh2 Kd6 42. Nf1 Rh4 43. Ke2 d4 44. Nd2 Bd5 45. Kf2 Rf4+ 46. Kg3 Rxf5 47. h4 d3 48. h5 e4 49. h6 e3 50. Kg4 Rg5+ 0-1

[Event "Mumbai Mayors Cup 10th"]
[Site "Mumbai"]
[Date "2017.06.05"]
[Round "3"]
[White "Rathnakaran, Kantholi"]
[Black "Shrutarshi, Ray"]
[Result "0-1"]
[WhiteElo "2378"]
[BlackElo "1856"]
[PlyCount "156"]
[EventDate "2017.06.04"]
[EventType "swiss"]
[EventRounds "10"]
[EventCountry "IND"]
[SourceTitle "CBM 178 Extra"]
[Source "ChessBase"]
[SourceDate "2017.06.22"]
[SourceVersion "1"]
[SourceVersionDate "2017.06.22"]
[SourceQuality "1"]

1. e4 c5 2. Nf3 d6 3. d4 cxd4 4. Nxd4 Nf6 5. Nc3 g6 6. Be3 Bg7 7. f3 a6 8. Qd2 h5 9. 0-0-0 b5 10. Kb1 Bb7 11. Nb3 Nbd7 12. h4 Rc8 13. a4 b4 14. Na2 a5 15. Bb5 Bc6 16. Bxc6 Rxc6 17. f4 Qc7 18. Qd3 0-0 19. Nd4 Nc5 20. Qc4 Ng4 21. Bg1 Bxd4 22. Bxd4 Nxe4 23. Qb3 e5 24. Rhe1 exd4 25. Rxe4 Nf2 26. Rdxd4 Nxe4 27. Rxe4 Qd7 28. Nc1 Qf5 29. Re2 Qxf4 30. g3 Qf1 31. Qd5 Rfc8 32. Qd3 Qg1 33. Qf3 Rc5 34. Qg2 Qxg2 35. Rxg2 Rd5 36. Nb3 Kg7 37. Nd2 f6 38. Nf3 Kf7 39. Ka2 Rc4 40. Kb3 Re4 41. Nd2 Re3+ 42. Kc4 Rc5+ 43. Kd4 Ree5 44. Nf3 Red5+ 45. Ke3 Rc4 46. Ne1 Re5+ 47. Kd2 g5 48. hxg5 Rxg5 49. Nf3 Rgc5 50. Kd3 Rg4 51. Nh2 Rgg5 52. Nf3 Rg4 53. Ke3 Rc8 54. Nh2 Rgc4 55. Kd3 R4c5 56. Nf1 Rg8 57. Rh2 Rf5 58. Rh1 Rxf1 59. Rxf1 Rxg3+ 60. Kc4 h4 61. Rh1 h3 62. Kb5 Rg5+ 63. Kc6 Rc5+ 64. Kxd6 Rxc2 65. Rxh3 Rxb2 66. Rh5 Rd2+ 67. Kc6 Ra2 68. Rxa5 b3 69. Rb5 Rxa4 70. Rxb3 f5 71. Rb6 Ra5 72. Kd7 f4 73. Rh6 f3 74. Rh2 Rd5+ 75. Kc6 Rf5 76. Rf2 Ke6 77. Kb6 Ke5 78. Kc5 Ke4+ 0-1

[Event "IND-ch U25"]
[Site "Kankarbagh"]
[Date "2015.10.18"]
[Round "8"]
[White "Shrutarshi, Ray"]
[Black "Bhatt, Jalpan"]
[Result "1-0"]
[WhiteElo "1953"]
[BlackElo "2078"]
[PlyCount "109"]
[EventDate "2015.10.13"]
[EventType "swiss"]
[EventRounds "9"]
[EventCountry "IND"]
[SourceTitle "CBM 168 Extra"]
[Source "ChessBase"]
[SourceDate "2015.10.29"]
[SourceVersion "1"]
[SourceVersionDate "2015.10.29"]
[SourceQuality "1"]

1. e4 c5 2. Nf3 g6 3. c4 Nc6 4. d4 cxd4 5. Nxd4 Nf6 6. Nc3 d6 7. f3 Nxd4 8. Qxd4 Bg7 9. Be3 0-0 10. Qd2 Be6 11. Rc1 a5 12. Nd5 Nd7 13. Be2 Nc5 14. b3 Bxd5 15. cxd5 Qb6 16. 0-0 Qb4 17. Rfd1 b6 18. Rc4 Qxd2 19. Rxd2 f5 20. Bd3 fxe4 21. Bxe4 Rfc8 22. Rcc2 Rc7 23. Bd3 Rcc8 24. Bb5 Rf8 25. Bg5 Bf6 26. Bh6 Bg7 27. Bg5 Bf6 28. Bh6 Bg7 29. Bxg7 Kxg7 30. Re2 Ra7 31. Re3 Rf4 32. Rce2 Kf7 33. Bc4 Rd4 34. Bb5 Kf6 35. Bc6 Rd1+ 36. Re1 Rxe1+ 37. Rxe1 a4 38. b4 Nd3 39. Re4 a3 40. Rd4 Ne5 41. f4 Ng4 42. h3 Ne3 43. Kf2 Nf5 44. Re4 h5 45. g4 hxg4 46. hxg4 Ng7 47. b5 e6 48. Kf3 exd5 49. Bxd5 g5 50. f5 Rc7 51. Bc6 Rc8 52. Rd4 Ke7 53. Ra4 Ne8 54. Re4+ Kf7 55. Rxe8 1-0

[Event "IND-ch U25"]
[Site "Kankarbagh"]
[Date "2015.10.14"]
[Round "2"]
[White "Shrutarshi, Ray"]
[Black "Patil, Rohit R"]
[Result "1-0"]
[WhiteElo "1953"]
[BlackElo "1635"]
[PlyCount "145"]
[EventDate "2015.10.13"]
[EventType "swiss"]
[EventRounds "9"]
[EventCountry "IND"]
[SourceTitle "CBM 168 Extra"]
[Source "ChessBase"]
[SourceDate "2015.10.29"]
[SourceVersion "1"]
[SourceVersionDate "2015.10.29"]
[SourceQuality "1"]

1. e4 c5 2. Nc3 d6 3. g3 Nf6 4. Bg2 g6 5. Nge2 Bg7 6. 0-0 0-0 7. d4 cxd4 8. Nxd4 Nc6 9. Nxc6 bxc6 10. e5 dxe5 11. Bxc6 Rb8 12. Qe2 Qb6 13. Nd5 Nxd5 14. Bxd5 Rd8 15. c4 Ba6 16. Bg2 Qc7 17. b3 e4 18. Bf4 e5 19. Be3 f5 20. Bg5 Rd7 21. Rad1 Rb6 22. Bc1 Rbd6 23. g4 Qd8 24. Rxd6 Rxd6 25. gxf5 gxf5 26. Qh5 Bc8 27. Bg5 Qf8 28. Rd1 Rxd1+ 29. Qxd1 Qe8 30. Kf1 Qd7 31. Qxd7 Bxd7 32. Ke2 Bc6 33. Bh3 Bd7 34. Kd2 Kf7 35. Kc3 Bf8 36. b4 Be6 37. a3 f4 38. Bg2 Kg6 39. Bd8 e3 40. fxe3 fxe3 41. c5 Bf5 42. c6 Bg7 43. Bf1 e4+ 44. Kc2 Be5 45. c7 Bxh2 46. Be2 Be5 47. a4 Kf7 48. a5 Ke8 49. b5 Bd4 50. Kb3 Be6+ 51. Kb4 Kd7 52. b6 axb6 53. Bb5+ Kd6 54. a6 e2 55. Bxe2 b5 56. Kxb5 Ba7 57. Bh5 e3 58. Bf3 h6 59. Kb4 Bc5+ 60. Kc3 Ba7 61. Bb7 Ke5 62. c8Q Bxc8 63. Bxc8 Kf4 64. Kd3 Kf3 65. Bb7+ Kf2 66. Bh4+ Kf1 67. Bf3 Kg1 68. Bg3 Kf1 69. Bf4 Kf2 70. Be2 Bb6 71. Bxh6 Ba7 72. Bf4 Bb6 73. Bb8 1-0

[Event "IND-ch U17 25th"]
[Site "Bihar"]
[Date "2014.12.05"]
[Round "5"]
[White "Srijit, Paul"]
[Black "Shrutarshi, Ray"]
[Result "1-0"]
[WhiteElo "1905"]
[BlackElo "1818"]
[PlyCount "81"]
[EventDate "2014.12.02"]
[EventType "swiss"]
[EventRounds "11"]
[EventCountry "IND"]
[SourceTitle "EXT 2016"]
[Source "ChessBase"]
[SourceDate "2015.10.08"]
[SourceVersion "1"]
[SourceVersionDate "2015.10.08"]
[SourceQuality "1"]

1. e4 c5 2. Nf3 d6 3. d4 cxd4 4. Nxd4 Nf6 5. Nc3 a6 6. Rg1 g6 7. g4 b5 8. g5 b4 9. gxf6 bxc3 10. fxe7 Qxe7 11. Rg3 Bg7 12. Rxc3 0-0 13. Be3 Qxe4 14. Qd3 Qd5 15. Qc4 Be6 16. 0-0-0 Qxc4 17. Bxc4 d5 18. Bb3 a5 19. a4 Na6 20. Kb1 Nb4 21. Rc5 Rfc8 22. Rxc8+ Rxc8 23. c3 Na6 24. Nb5 Nc5 25. Bc2 Be5 26. f4 Bb8 27. b4 axb4 28. cxb4 Na6 29. Bd2 Rc4 30. Bd3 Rc8 31. Nd4 Nc7 32. Rc1 Ne8 33. Nxe6 Rxc1+ 34. Kxc1 fxe6 35. a5 g5 36. fxg5 e5 37. b5 e4 38. Bb1 Nd6 39. b6 Nc4 40. Ba2 e3 41. Bxc4 1-0